Vztahy stakeholders jako předpoklad podnikové konkurenceschopnosti

Pomocou manažérskeho simulátora hľadanie situácie kedy podnik dosahuje finančnú výkonnosť akceptovateľnú vlastníkmi a súčasne dostatočnú pevnosť podnikovej koalície stakeholders.

Gespeichert in:
Bibliographische Detailangaben
1. Verfasser: Neumaierová, Inka
Weitere Verfasser: Neumaier, Ivan
Format: Buchkapitel
Sprache:Tschechisch
Schlagworte:
Tags: Tag hinzufügen
Keine Tags, Fügen Sie das erste Tag hinzu!

MARC

LEADER 00000nla a2200000 4500
001 0157256
005 20231121095013.5
041 0 |a cze 
044 |a CZ 
245 1 0 |a Vztahy stakeholders jako předpoklad podnikové konkurenceschopnosti  |c Inka Neumaierová, Ivan Neumaier 
520 |a Pomocou manažérskeho simulátora hľadanie situácie kedy podnik dosahuje finančnú výkonnosť akceptovateľnú vlastníkmi a súčasne dostatočnú pevnosť podnikovej koalície stakeholders. 
610 2 0 |a skupiny záujmové 
610 2 0 |a stakeholder 
610 2 0 |a výkonnosť 
610 2 0 |a financovanie podnikov 
610 2 0 |a konkurencieschopnosť 
610 2 0 |a prostredie podnikové 
610 2 0 |a výkony podnikové 
100 1 |a Neumaierová, Inka 
700 1 |a Neumaier, Ivan